MARC

LEADER 00000nam0a2200000 4500
001 333412
005 20231102004543.0
035 |a (RuTPU)RU\TPU\book\359407 
090 |a 333412 
100 |a 20170614d1883 k y0rusy50 ca 
101 0 |a rus 
102 |a RU 
105 |a a z 001zy 
200 1 |a О водостолбовых машинах как движетелях для крупной и мелкой промышленности  |f М. Ф. Митте 
210 |a Санкт-Петербург  |a Москва  |c Издание книгопродавца-типографа М. О. Вольфа  |c Типография и хромолитография А. Траншель  |d 1883 
215 |a 90с.  |c с 4 табл.черт. 
317 |5 63413507: 29//319  |a Поступила в НТБ в 1900 году в составе книжного собрания С. Н. Кулибина 
606 1 |a Гидравлические машины  |2 stltpush  |3 (RuTPU)RU\TPU\subj\6480  |9 34359 
610 1 |a гидравлические двигатели 
610 1 |a водяные двигатели 
610 1 |a мощности 
610 1 |a мощные гидротурбины 
610 1 |a 19 век 
610 1 |a техника 
610 1 |a библиотека С. Н. Кулибина 
675 |a 621.22  |v 4 
700 1 |a Митте  |b М. Ф.  |c горный инженер  |f 1845-1900  |g Маврикий Федорович  |2 stltpush  |3 (RuTPU)RU\TPU\pers\35911  |9 19052 
801 1 |a RU  |b 63413507  |c 20170614 
942 |c BK